लोड हो रहा है...
Pearl millet and its improvement
| मुख्य लेखक: | |
|---|---|
| स्वरूप: | Printed Book |
| भाषा: | Undetermined |
| प्रकाशित: |
New Delhi
ICAR
1991
|
| LEADER | 00482nam a2200157Ia 4500 | ||
|---|---|---|---|
| 008 | 140316s9999 xx 000 0 und d | ||
| 020 | |||
| 082 | |a 633.171 |b KHE/PE | ||
| 100 | |a Khem singh gill | ||
| 245 | |a Pearl millet and its improvement | ||
| 260 | |a New Delhi |b ICAR |c 1991 | ||
| 300 | |a 305 | ||
| 650 | |||
| 942 | |2 ddc |c BK | ||
| 999 | |c 834 |d 834 | ||
| 952 | |0 0 |1 0 |2 ddc |4 0 |6 633_171000000000000_KHEPE |7 0 |9 949 |a KAUCLV |b KAUCLV |c GENERAL |d 2014-03-18 |o 633.171 KHE/PE |p 201981 |r 2014-03-18 |w 2014-03-18 |y BK | ||